000 00263nam a2200109Ia 4500
008 240625s9999 xx 000 0 und d
041 _aeng
082 _a658.5 KRA
100 _aKRAJEWSKI LEE J
245 _aOPERATIONS MANAGEMENT PROCESS AND VALUE
260 _c2008
999 _c34464
_d34464